000 00500nam a2200157Ia 4500
003 GCL
008 140319s9999 xx 000 0 ara d
040 _aGCL /
_cGCL
082 0 4 _a521
_bا ن
100 1 _aامام ابراهيم احمد
245 1 0 _aنافذة على الكون (هدية من الاديب عبدالفتاح الجمل) /
_cامام ابراهيم احمد
490 _aالمكتبة الثقافية
_v0
650 0 4 _aالفضاء
650 0 4 _aالفلك
942 _2ddc
_cBK
999 _c47076
_d47076